000 00708nam a2200265Ia 4500
001 dia_3437
003 CHAP
005 20230518134717.0
008 220117s1991 xx 000 0 und d
010 _a173901
020 _a968-18-0574-7
040 _cCHAP
082 _a658.5 B83Y
100 _aBuffa Elwood S.
_915992
245 _aAdministración y dirección técnica de la población /
_c Elwood S. Buffa
250 _a4
260 _aMéxico, D.F. :
_b Limusa,
_c1991
300 _a671 p.
503 _aC/E
650 _a1.Administración
_9146957
901 _a658.5 B83Y
902 _aM
905 _a0000001991 MX X 0000000000SPA00
942 _cLIBRO
_2ddc
999 _c173901
_d173901